| Tag |
First Indicator |
Second Indicator |
Subfields |
| LEADER |
00000pam a2200000 i 4500 |
| 001 |
in00000043641 |
| 005 |
20151007074926.0 |
| 008 |
780112s1978 maua 00110 eng |
| 010 |
|
|
|a 77092164
|
| 020 |
|
|
|a 0201080982 :
|c $9.95.
|
| 020 |
|
|
|a 0201080990 (pbk. :)
|c $5.95
|
| 035 |
|
|
|a (OCoLC)03608664
|
| 035 |
|
|
|9 AAF2336AM
|
| 040 |
|
|
|a DLC
|c DLC
|d TXA
|d UtOrBLW
|
| 049 |
|
|
|a TXAM [Also in] [Sp Coll]
|c 1 [1556689]
|a TXAS
|c 2 [1700418]
|
| 050 |
0 |
0 |
|a QB52
|b .V47
|
| 082 |
0 |
|
|a 520
|
| 100 |
1 |
|
|a Verschuur, Gerrit L.,
|d 1937-
|
| 245 |
1 |
0 |
|a Cosmic catastrophes /
|c Gerrit L. Verschuur.
|
| 264 |
|
1 |
|a Reading, Mass. :
|b Addison-Wesley Pub. Co.,
|c [1978]
|
| 264 |
|
4 |
|c ©1978
|
| 300 |
|
|
|a x, 214 pages :
|b illustrations ;
|c 21 cm.
|
| 336 |
|
|
|a text
|b txt
|2 rdacontent
|
| 337 |
|
|
|a unmediated
|b n
|2 rdamedia
|
| 338 |
|
|
|a volume
|b nc
|2 rdacarrier
|
| 500 |
|
|
|a Includes index.
|
| 650 |
|
0 |
|a Astronomy.
|
| 650 |
|
0 |
|a Natural disasters.
|
| 650 |
|
0 |
|a Earth sciences.
|
| 999 |
|
|
|a MARS
|
| 999 |
f |
f |
|s 9484fb10-df41-3042-a629-e9092dadb4bc
|i 83f08138-75b6-3192-a49a-8be4fa6ea2d1
|t 0
|
| 952 |
f |
f |
|p normal
|a Texas A&M University
|b College Station
|c Sterling C. Evans Library
|d Evans: Library Stacks
|t 0
|e QB52 .V47
|h Library of Congress classification
|i unmediated -- volume
|m A14804574634
|
| 952 |
f |
f |
|p noncirc
|a Texas A&M University
|b College Station
|c Cushing Memorial Library & Archives
|d Cushing: Science Fiction (Does not check out)
|t 0
|e QB52 .V47
|h Library of Congress classification
|i unmediated -- volume
|m A14800461952
|
| 998 |
f |
f |
|a QB52 .V47
|t 0
|l Evans: Library Stacks
|
| 998 |
f |
f |
|a QB52 .V47
|t 0
|l Cushing: Science Fiction (Does not check out)
|